[Event "Kadetska liga - dekleta"]
[Site "Nova Gorica"]
[Date "2019.05.26"]
[Round "4"]
[White "Cebron, Asja"]
[Black "Kralj, Nika"]
[Result "0-1"]
[WhiteElo "1475"]
[BlackElo "1841"]
[PlyCount "66"]
[EventDate "2019.05.26"]

1. e4 g6 2. d4 d6 3. Be3 Bg7 4. Qd2 a6 5. Bc4 b5 6. Bd5 c6 7. Bb3 Nd7 8. Ne2
Bb7 9. f3 Rc8 10. O-O c5 11. c3 Ngf6 12. Bh6 O-O 13. Bxg7 Kxg7 14. Ng3 Nb6 15.
Qg5 Kh8 16. h4 e6 17. Rd1 Re8 18. e5 Nfd5 19. Qh6 Ne7 20. Qf4 Ned5 21. Qh6 c4
22. Bc2 Ne7 23. Nh5 Rg8 24. Nf6 Rg7 25. h5 Ned5 26. Ne4 dxe5 27. hxg6 Rxg6 28.
Qh5 f5 29. Nc5 Rxg2+ 30. Kh1 Nf4 31. Qh6 Bxf3 32. Nxe6 Rg6+ 33. Kh2 Rxh6+ 0-1

[Event "Kadetska liga - dekleta"]
[Site "Nova Gorica"]
[Date "2019.05.26"]
[Round "4"]
[White "Petauer, Ana Marija"]
[Black "Pajek, Tjasa"]
[Result "1/2-1/2"]
[WhiteElo "1468"]
[BlackElo "1453"]
[PlyCount "68"]
[EventDate "2019.05.26"]

1. e4 e5 2. Nf3 Nc6 3. Bc4 Bc5 4. O-O Nf6 5. d3 h6 6. Nbd2 d6 7. h3 O-O 8. c3
Be6 9. Bb3 Bxb3 10. axb3 a6 11. Re1 d5 12. b4 Bb6 13. exd5 Qxd5 14. Ne4 Nxe4
15. dxe4 Qxd1 16. Rxd1 Rad8 17. Be3 Bxe3 18. fxe3 f6 19. Nh4 Kf7 20. Nf5 Rxd1+
21. Rxd1 Rd8 22. Rxd8 Nxd8 23. g4 Nc6 24. Kf2 b5 25. Ke2 a5 26. bxa5 Nxa5 27.
b4 Nc4 28. Kd3 Nb2+ 29. Kc2 Nc4 30. Kd3 Nb2+ 31. Kc2 Na4 32. Kd3 Nb2+ 33. Kc2
Nc4 34. Kd3 Nb2+ 1/2-1/2

[Event "Kadetska liga - dekleta"]
[Site "Nova Gorica"]
[Date "2019.05.26"]
[Round "4"]
[White "Kuhar, Larisa"]
[Black "Sertelj, Kiani Nia"]
[Result "1-0"]
[WhiteElo "1930"]
[BlackElo "1737"]
[PlyCount "69"]
[EventDate "2019.05.26"]

1. e4 e5 2. Nf3 Nc6 3. Bb5 a6 4. Bxc6 dxc6 5. O-O Bg4 6. h3 h5 7. d3 Qf6 8.
Nbd2 g5 9. Nc4 Bxf3 10. Qxf3 Qxf3 11. gxf3 f6 12. Be3 Bd6 13. h4 gxh4 14. Kh2
Ne7 15. Rg1 O-O-O 16. Rg7 Rde8 17. Rag1 f5 18. Bg5 Bc5 19. Bxh4 fxe4 20. fxe4
Ng8 21. R1g2 Nh6 22. f3 Ba7 23. Bf6 Rhf8 24. Bxe5 b5 25. Rxc7+ Kd8 26. Rgg7 Rf7
27. Rgxf7 Nxf7 28. Rxf7 bxc4 29. Bf6+ Kc8 30. Rxa7 cxd3 31. cxd3 Kb8 32. Rxa6
Kb7 33. Ra5 Rf8 34. Rf5 Ra8 35. a3 1-0

[Event "Kadetska liga - dekleta"]
[Site "Nova Gorica"]
[Date "2019.05.26"]
[Round "4"]
[White "Knavs, Ana"]
[Black "Urbanc, Tina"]
[Result "0-1"]
[WhiteElo "1552"]
[BlackElo "1657"]
[PlyCount "66"]
[EventDate "2019.05.26"]

1. e4 d6 2. d4 Nf6 3. Bd3 g6 4. h3 Bg7 5. Nf3 c6 6. c3 Nbd7 7. Be3 Qc7 8. Nbd2
b5 9. b4 a6 10. a4 Bb7 11. Qb3 O-O 12. O-O c5 13. bxc5 dxc5 14. axb5 cxd4 15.
cxd4 axb5 16. Qxb5 Rfb8 17. Rfc1 Rxa1 18. Rxa1 Bxe4 19. Qa6 Bxd3 20. Qxd3 Nd5
21. Qe4 N7f6 22. Qe5 Qxe5 23. dxe5 Nxe3 24. fxe3 Nd5 25. Nc4 Rc8 26. Rd1 Nc3
27. Rd4 Ne2+ 28. Kf2 Nxd4 29. exd4 Rxc4 30. d5 Rc5 31. d6 exd6 32. exd6 Rd5 33.
Kg3 Rxd6 0-1

[Event "Kadetska liga - dekleta"]
[Site "Nova Gorica"]
[Date "2019.05.26"]
[Round "4"]
[White "Vicic, Spelca"]
[Black "Ferfole, Anja"]
[Result "0-1"]
[WhiteElo "1422"]
[BlackElo "1561"]
[PlyCount "50"]
[EventDate "2019.05.26"]

1. e4 e5 2. Nc3 Nf6 3. Nf3 Nc6 4. Bb5 Bd6 5. d3 h6 6. Be3 a6 7. Bxc6 dxc6 8.
O-O Bg4 9. h3 Bh5 10. Qc1 Bxf3 11. Re1 Bxg2 12. Qd1 Bxh3 13. Qf3 Qc8 14. Qg3
Nh5 15. Qh2 Qg4+ 16. Kh1 Qf3+ 17. Kg1 Nf4 18. Bxf4 exf4 19. Ne2 Qg4+ 20. Kh1 f3
21. Nf4 Bxf4 22. Rg1 Qh4 23. Rxg7 Bxh2 24. Kxh2 Bg2+ 25. Kg1 Qh1# 0-1

[Event "Kadetska liga - dekleta"]
[Site "Nova Gorica"]
[Date "2019.05.26"]
[Round "4"]
[White "Sinur, Zarja"]
[Black "Grilanc, Luna"]
[Result "1-0"]
[WhiteElo "1414"]
[BlackElo "1349"]
[PlyCount "71"]
[EventDate "2019.05.26"]

1. e3 e5 2. Nf3 Nc6 3. c3 d5 4. Bb5 Bd7 5. O-O Nf6 6. d4 a6 7. Ba4 exd4 8. Nxd4
b5 9. Bc2 Bg4 10. Qd2 Ne5 11. Re1 Bc5 12. b4 Bb6 13. c4 dxc4 14. Ne2 O-O 15.
Nbc3 Qd7 16. Bb1 Rad8 17. Qc2 Bf5 18. Qb2 Qe6 19. e4 Bg4 20. Nf4 Qe7 21. Ncd5
Qd6 22. Qd2 c6 23. Nxb6 Qc7 24. Qc2 Qxb6 25. Qb2 Nd3 26. Bxd3 cxd3 27. e5 Rfe8
28. Be3 Nh5 29. Bxb6 d2 30. Red1 Rd3 31. Rxd2 Nxf4 32. h3 Rxe5 33. hxg4 Rg5 34.
f3 Nh3+ 35. gxh3 Rxf3 36. Rd8# 1-0

[Event "Kadetska liga - fantje"]
[Site "Nova Gorica"]
[Date "2019.05.26"]
[Round "4"]
[White "Gregoric, Andraz"]
[Black "Brilej, Jaka"]
[Result "1/2-1/2"]
[WhiteElo "1875"]
[BlackElo "2050"]
[PlyCount "61"]
[EventDate "2019.05.26"]

1. e4 c5 2. Nf3 Nc6 3. Bb5 g6 4. O-O Bg7 5. Re1 Nf6 6. e5 Nd5 7. Nc3 Nc7 8.
Bxc6 dxc6 9. Ne4 Ne6 10. d3 Qc7 11. Ng3 O-O 12. Bd2 f5 13. exf6 exf6 14. Qc1
Bd7 15. Bh6 Rae8 16. Bxg7 Kxg7 17. Re4 Rf7 18. Qd2 Nf8 19. Qc3 b6 20. Rae1 Rxe4
21. Nxe4 Bf5 22. Nfg5 Bxe4 23. Nxf7 Bxg2 24. Kxg2 Qxf7 25. Qc4 Qd7 26. Re4 h5
27. c3 f5 28. Re1 Kf6 29. Qg8 Ne6 30. Qh8+ Kf7 31. Qe5 1/2-1/2

[Event "Kadetska liga - fantje"]
[Site "Nova Gorica"]
[Date "2019.05.26"]
[Round "4"]
[White "Nareks, Matic"]
[Black "Herega, Nejc"]
[Result "0-1"]
[WhiteElo "1952"]
[BlackElo "1869"]
[PlyCount "100"]
[EventDate "2019.05.26"]

1. e4 e5 2. Nf3 Nf6 3. d4 Nxe4 4. Bd3 d5 5. Nxe5 Bd6 6. O-O O-O 7. c4 c6 8. Nc3
Bf5 9. Qc2 Na6 10. a3 Bxe5 11. dxe5 Nac5 12. b4 Nxd3 13. Qxd3 Qe7 14. Bb2 dxc4
15. Qxc4 Nd2 16. Qf4 Nxf1 17. Qxf5 Nd2 18. Qf4 Rad8 19. h3 Nb3 20. Rb1 Nd4 21.
Re1 Ne6 22. Qe3 Qg5 23. Qxg5 Nxg5 24. Bc1 Rd3 25. Nd1 Ne6 26. f4 b6 27. Nf2 Rd7
28. Ne4 Nc7 29. Nd6 Nb5 30. Ne4 Rfd8 31. a4 Rd1 32. Kf2 Rxe1 33. Kxe1 Rd4 34.
Ng3 Nc3 35. Bd2 Ne4 36. Nxe4 Rxe4+ 37. Kf2 b5 38. axb5 cxb5 39. Kf3 Rc4 40. Ke3
Kf8 41. g4 Ke7 42. h4 Ke6 43. h5 Kd5 44. Kf3 Rc2 45. Be3 Rc3 46. Ke2 Ra3 47.
Bd2 Ke4 48. Bc1 Ra2+ 49. Bd2 Rxd2+ 50. Kxd2 Kxf4 0-1

[Event "Kadetska liga - fantje"]
[Site "Nova Gorica"]
[Date "2019.05.26"]
[Round "4"]
[White "Vicic, Mark"]
[Black "Stern, Urban"]
[Result "0-1"]
[WhiteElo "1669"]
[BlackElo "1765"]
[PlyCount "112"]
[EventDate "2019.05.26"]

1. Nf3 c5 2. e4 Nc6 3. d4 cxd4 4. Nxd4 Qb6 5. Nb3 Nf6 6. Nc3 e6 7. Be3 Qc7 8.
Be2 Bb4 9. f3 Bxc3+ 10. bxc3 O-O 11. g4 b6 12. h4 d5 13. g5 Nh5 14. exd5 exd5
15. Rg1 Re8 16. Qd2 Qe7 17. Kf2 Bb7 18. f4 g6 19. Bxh5 gxh5 20. Rae1 Qd7 21.
Qd1 Qf5 22. Qxh5 Qxc2+ 23. Re2 Qf5 24. Qg4 Qxg4 25. Rxg4 Re4 26. h5 Bc8 27. Rg3
Bf5 28. Nd2 Re6 29. Nf3 Rae8 30. Nh4 Ne7 31. Nf3 Bd3 32. Nd4 Nf5 33. Nxf5 Bxf5
34. Rd2 Be4 35. Bd4 Rc8 36. Be5 Kf8 37. h6 Ke8 38. Re3 Rc4 39. Rd4 Rxd4 40.
Bxd4 Kd7 41. Kg3 Bf5 42. Rxe6 fxe6 43. Kf3 Kc6 44. a4 a5 45. Ke3 b5 46. axb5+
Kxb5 47. Kd2 Kc4 48. Kc1 Kb3 49. Be5 a4 50. Bd4 a3 51. Be5 a2 52. c4 dxc4 53.
Bb2 c3 54. Ba1 Bc2 55. f5 Bxf5 56. Kd1 e5 {..........} 0-1

[Event "Kadetska liga - fantje"]
[Site "Nova Gorica"]
[Date "2019.05.26"]
[Round "4"]
[White "Skrbec, Leon"]
[Black "Zidar, Jernej"]
[Result "1-0"]
[WhiteElo "1884"]
[BlackElo "1618"]
[PlyCount "129"]
[EventDate "2019.05.26"]

1. d4 d5 2. Bf4 Nf6 3. e3 g6 4. Nf3 Bg7 5. Nbd2 O-O 6. Bd3 b6 7. O-O Bb7 8. c4
Nbd7 9. Rc1 c5 10. Nb3 Rc8 11. Ne5 cxd4 12. exd4 Nxe5 13. Bxe5 dxc4 14. Bxc4
Rxc4 15. Rxc4 Qd5 16. Qf3 Qxc4 17. Qxb7 Nd5 18. Rc1 Qb5 19. Qc6 Qxc6 20. Rxc6
Bxe5 21. dxe5 Rd8 22. g3 Rd7 23. a3 Rc7 24. Nd4 Kf8 25. Kg2 Ke8 26. Kf3 Kd7 27.
Rxc7+ Nxc7 28. Ke4 e6 29. f4 a6 30. g4 Nd5 31. h4 h5 32. gxh5 gxh5 33. f5 Ne7
34. f6 Ng6 35. Nf3 Kc6 36. Ng5 Nh8 37. Kd4 Kb5 38. b3 a5 39. Ne4 Kc6 40. Nd6 b5
41. a4 b4 42. Nc4 Ng6 43. Nxa5+ Kc7 44. Nc4 Nxh4 45. a5 Nf5+ 46. Kc5 h4 47. Nd2
h3 48. Nf3 Ng3 49. Nh2 Ne4+ 50. Kb5 Nd2 51. Kxb4 Kc6 52. a6 Kb6 53. a7 Kxa7 54.
Kc5 Ne4+ 55. Kc6 Kb8 56. b4 Nf2 57. b5 Nd3 58. Kd6 Kb7 59. Ng4 Nf2 60. Nxf2 h2
61. Ke7 Kb6 62. Kxf7 Kxb5 63. Kxe6 Kc4 64. f7 Kd4 65. f8=Q {.....} 1-0

[Event "Kadetska liga - fantje"]
[Site "Nova Gorica"]
[Date "2019.5.26"]
[Round "4"]
[White "Perme, Martin"]
[Black "Kaluza, Dominik"]
[Result "*"]
[WhiteElo "1416"]
[BlackElo "1525"]
[PlyCount "1"]
[EventDate "2019.5.26"]

1. e4 g6 2. d4 Bg7 3. Nf3 d6 4. Be3 Bg4 5. Be2 Nd7 6. c3 e6 7. Nbd2 Ne7 8. h3
Bxf3 9. Nxf3 O-O 10. O-O Nf6 11. Nd2 Nc6 12. Qb3 Rb8 13. Qc2 a6 14. Bf3 Qd7 15.
Rfe1 Rbd8 16. Qb3 Rb8 17. Qc2 Rfd8 18. Rad1 e5 19. Nb3 exd4 20. Nxd4 Ne5 21.
Kh1 c5 22. Be2 cxd4 23. Bxd4 Qc7 24. Qb3 b5 25. Rc1 Nc6 26. Be3 Nxe4 27. c4 Na5
28. Qd3 Nc5 29. Qc2 bxc4 30. Bxc4 Rxb2 31. Qa4 Nxa4 0-1

[Event "Kadetska liga - fantje"]
[Site "Nova Gorica"]
[Date "2019.05.26"]
[Round "4"]
[White "Hocevar, Tim"]
[Black "Cimperman, Teo"]
[Result "0-1"]
[WhiteElo "1337"]
[BlackElo "1275"]
[PlyCount "118"]
[EventDate "2019.05.26"]

1. c4 c5 2. Nc3 Nc6 3. g3 g6 4. Bg2 Bg7 5. Nf3 e6 6. d3 Nf6 7. Bg5 h6 8. Bf4 d5
9. O-O O-O 10. Ne5 Nh5 11. Nxc6 bxc6 12. Bd2 Bd7 13. Qc2 Qc7 14. Bf3 Nf6 15.
Rac1 Rac8 16. Rfd1 Rfe8 17. e4 d4 18. Na4 Bf8 19. Bf4 e5 20. Bd2 Bh3 21. Bg2
Qd7 22. Be1 Nh7 23. Qe2 Ng5 24. Bxh3 Qxh3 25. Bd2 Be7 26. Rc2 Kg7 27. Bxg5 hxg5
28. Qf3 Rh8 29. Qg2 Rh7 30. Qxh3 Rxh3 31. Kg2 g4 32. Rh1 Rh5 33. Rcc1 f5 34. f3
Rf8 35. fxg4 fxg4 36. Rcf1 Rb8 37. b3 Rhh8 38. Rf2 Rh3 39. Rhf1 Rf8 40. Rxf8
Bxf8 41. Nb2 Rh8 42. Nd1 Bd6 43. Nf2 Rb8 44. Nxg4 Rb6 45. Rf6 Bb8 46. Rf2 Rb7
47. h4 Kg8 48. h5 gxh5 49. Nf6+ Kg7 50. Nxh5+ Kg6 51. g4 Kh7 52. Kg3 a5 53. Rb2
a4 54. Kg2 Bd6 55. Kg3 Be7 56. Kh3 Bg5 57. Ng3 Kg6 58. Nf5 Rh7+ 59. Kg3 Bf4+
0-1

[Event "Kadetska liga - fantje"]
[Site "Nova Gorica"]
[Date "2019.05.26"]
[Round "4"]
[White "Olenik Campa, Rudi"]
[Black "Acimovic, Sergej"]
[Result "1/2-1/2"]
[WhiteElo "1847"]
[BlackElo "2030"]
[PlyCount "119"]
[EventDate "2019.05.26"]

1. e4 c5 2. Nf3 Nc6 3. Bb5 e5 4. O-O d6 5. d3 Nf6 6. c3 a6 7. Ba4 b5 8. Bc2 Be7
9. Nbd2 O-O 10. Re1 Bd7 11. Nf1 b4 12. Ng3 Rb8 13. Ba4 bxc3 14. bxc3 Rb7 15.
Nf5 Bxf5 16. Bxc6 Rb6 17. Ba4 Bg4 18. h3 Bxf3 19. Qxf3 Qb8 20. Ba3 Qb7 21. Qe2
Rb8 22. Bc2 Qc7 23. Reb1 Rb5 24. c4 Rxb1+ 25. Rxb1 Rxb1+ 26. Bxb1 Qa5 27. Bc1
h6 28. Qd2 Bd8 29. Qxa5 Bxa5 30. Bc2 Ne8 31. Ba4 Nc7 32. Bc6 Kf8 33. f4 Ne6 34.
Bb7 exf4 35. Bxa6 Bc3 36. Bc8 Nd4 37. Kf2 g5 38. Bd7 Ke7 39. Ba4 Ke6 40. Bd1
Ke5 41. a4 Nc6 42. Ke2 Nb4 43. Bd2 Kd4 44. a5 Bxd2 45. Kxd2 Nxd3 46. Ba4 Nb4
47. Bb5 Kxe4 48. a6 Nxa6 49. Bxa6 Kd4 50. Ke2 f5 51. Kf3 h5 52. h4 gxh4 53.
Kxf4 d5 54. cxd5 Kxd5 55. Bc8 c4 56. Bxf5 c3 57. Ke3 Kc4 58. Be6+ Kb4 59. Kd3
h3 60. gxh3 1/2-1/2

[Event "Kadetska liga - fantje"]
[Site "Nova Gorica"]
[Date "2019.05.26"]
[Round "4"]
[White "Kosanovic, Aleksander"]
[Black "Grisin, Lia"]
[Result "1-0"]
[WhiteElo "1782"]
[BlackElo "1613"]
[PlyCount "93"]
[EventDate "2019.05.26"]

1. e4 e5 2. Nf3 Nc6 3. d4 exd4 4. Bc4 Nf6 5. O-O Bc5 6. e5 Ng4 7. Bxf7+ Kxf7 8.
Ng5+ Ke8 9. Qxg4 Qe7 10. Nf3 d6 11. exd6 Bxg4 12. dxe7 Kxe7 13. Re1+ Kf7 14.
Ne5+ Nxe5 15. Rxe5 b6 16. Bf4 Rhe8 17. Nd2 Rxe5 18. Bxe5 c6 19. Nb3 Re8 20.
Bxd4 Bxd4 21. Nxd4 c5 22. Nb5 a5 23. Nd6+ Kf8 24. Nxe8 Kxe8 25. f3 Bf5 26. c3
Kd7 27. Kf2 h5 28. Ke3 Kd6 29. Rd1+ Ke6 30. Kf4 g6 31. h3 c4 32. g4 hxg4 33.
hxg4 Bd3 34. b3 b5 35. bxc4 Bxc4 36. a3 a4 37. Kg5 Ke5 38. Kxg6 Kf4 39. Kh6
Kxf3 40. g5 Ke2 41. Rd4 Ke3 42. g6 Ke2 43. Kh7 Bd3 44. Rxd3 Kxd3 45. g7 Kxc3
46. g8=Q Kb2 47. Qf8 {.....} 1-0

[Event "Kadetska liga - fantje"]
[Site "Nova Gorica"]
[Date "2019.05.26"]
[Round "4"]
[White "Mohar, Martin"]
[Black "Vaupot, Luka"]
[Result "1/2-1/2"]
[WhiteElo "1673"]
[BlackElo "1857"]
[PlyCount "114"]
[EventDate "2019.05.26"]

1. d4 Nf6 2. c4 e6 3. Nc3 Bb4 4. e3 b6 5. Nge2 c5 6. a3 Ba5 7. Rb1 Na6 8. g3
Bb7 9. d5 exd5 10. Bg2 d6 11. O-O Qd7 12. Nxd5 Bxd5 13. cxd5 b5 14. b3 O-O 15.
Bb2 Bd8 16. Qc2 Ng4 17. h3 Ne5 18. Bxe5 dxe5 19. e4 Bb6 20. Kh2 Nc7 21. f4 f6
22. fxe5 fxe5 23. Qb2 Qe7 24. Rbd1 Ne8 25. Rxf8+ Kxf8 26. Rf1+ Kg8 27. h4 Nd6
28. Bh3 Nxe4 29. Be6+ Kh8 30. Qxe5 Nf6 31. Qg5 Rf8 32. Kg2 c4 33. b4 h6 34. Nf4
hxg5 35. hxg5 Qxe6 36. Nxe6 Rf7 37. gxf6 Rxf6 38. Rxf6 gxf6 39. Kf3 Kg8 40. Nc5
Kf7 41. g4 Ke7 42. Ke4 Kd6 43. Nb7+ Kc7 44. Nc5 Kd6 45. Nb7+ Kc7 46. Nc5 a5 47.
Ne6+ Kd6 48. bxa5 Bxa5 49. Nd4 b4 50. axb4 Bxb4 51. Nf5+ Kc5 52. Ne3 Bc3 53. d6
Ba5 54. d7 c3 55. Kd3 Kc6 56. d8=Q Bxd8 57. Kxc3 Bb6 1/2-1/2

[Event "Kadetska liga - fantje"]
[Site "Nova Gorica"]
[Date "2019.05.26"]
[Round "4"]
[White "Strazisnik, Enej"]
[Black "Cigut, Matjaz"]
[Result "0-1"]
[WhiteElo "1183"]
[BlackElo "1132"]
[PlyCount "70"]
[EventDate "2019.05.26"]

1. d4 d5 2. Nf3 Nf6 3. c4 e6 4. g3 Be7 5. Bg2 O-O 6. O-O Nbd7 7. Qc2 b6 8. cxd5
exd5 9. Nc3 Bb7 10. Bf4 c6 11. Rab1 Re8 12. b4 Rc8 13. Qa4 a6 14. a3 Bf8 15. e3
Ne4 16. Qc2 Ndf6 17. Bh3 Ra8 18. Ne5 Nd6 19. Ne2 Nc4 20. Nxc4 dxc4 21. Qxc4 Ne4
22. Qc2 Bc8 23. Bg2 Bf5 24. Qxc6 Rc8 25. Qa4 Nd2 26. Rbc1 Nxf1 27. Rxf1 Bd3 28.
Re1 Bb5 29. Qb3 Qd7 30. h4 Bxe2 31. Rxe2 Rc1+ 32. Kh2 Rec8 33. Bh3 Rh1+ 34. Kg2
Qxh3+ 35. Kf3 Qf5 0-1

[Event "Kadetska liga - fantje"]
[Site "Nova Gorica"]
[Date "2019.5.26"]
[Round "4"]
[White "Skof, Samo"]
[Black "Vaupot, Eliza"]
[Result "*"]
[WhiteElo "1418"]
[BlackElo "1260"]
[PlyCount "1"]
[EventDate "2019.5.26"]

1. e4 e5 2. Nf3 Nc6 3. d4 exd4 4. Nxd4 Nf6 5. Nc3 Bb4 6. Bd3 Nxd4 7. Bd2 O-O 8.
O-O d5 9. e5 Ng4 10. Re1 Qh4 11. h3 Nxf2 12. Qc1 Qg3 13. Bf4 Nxh3+ 14. Kh1 Nxf4
15. Bf1 Re8 16. a3 Re6 17. axb4 Rh6+ 18. Kg1 Nf3# 0-1

[Event "Kadetska liga - fantje"]
[Site "Nova Gorica"]
[Date "2019.05.26"]
[Round "4"]
[White "Gabrscek, Nejc"]
[Black "Lavrencic, Matic"]
[Result "0-1"]
[WhiteElo "1138"]
[BlackElo "1570"]
[PlyCount "104"]
[EventDate "2019.05.26"]

1. e4 c5 2. Nc3 e6 3. Bc4 a6 4. a3 b5 5. Ba2 Bb7 6. d3 d6 7. Nf3 Nf6 8. Bg5 Be7
9. O-O h6 10. Bxf6 Bxf6 11. Re1 Nd7 12. Rc1 b4 13. axb4 cxb4 14. Na4 Bc6 15. b3
O-O 16. Rb1 Qa5 17. c4 bxc3 18. Rc1 Nc5 19. d4 Nxe4 20. Bb1 Bxa4 21. bxa4 Nd2
22. Qc2 Nxf3+ 23. gxf3 g6 24. Kh1 Qd5 25. Qxc3 Bxd4 26. Be4 Bxc3 27. Bxd5 Bxe1
28. Bxa8 Bxf2 29. Bb7 a5 30. Rc6 d5 31. Ra6 Be1 32. Kg1 Bb4 33. Kf1 Rb8 34. Ra8
Rxa8 35. Bxa8 Kf8 36. Ke2 Ke7 37. Kd3 Kd6 38. h3 g5 39. Bb7 f5 40. Bc8 h5 41.
Ba6 e5 42. Bc8 e4+ 43. fxe4 dxe4+ 44. Ke2 f4 45. Bf5 Ke5 46. Bd7 f3+ 47. Kf2
Bc5+ 48. Kf1 e3 49. h4 e2+ 50. Ke1 g4 51. Bb5 Bb4+ 52. Kf2 e1=Q# 0-1

[Event "Kadetska liga - fantje"]
[Site "Nova Gorica"]
[Date "2019.05.26"]
[Round "4"]
[White "Guid, Taja"]
[Black "Berlot, Tian"]
[Result "1-0"]
[WhiteElo "1412"]
[BlackElo "1560"]
[PlyCount "65"]
[EventDate "2019.05.26"]

1. e4 e5 2. Nf3 Nc6 3. Bb5 Nge7 4. O-O a6 5. Ba4 b5 6. Bb3 d6 7. h3 a5 8. c3 a4
9. Bc2 Be6 10. d4 d5 11. dxe5 dxe4 12. Bxe4 Qxd1 13. Rxd1 g6 14. Bg5 Rd8 15.
Bxc6+ Bd7 16. Bxd7+ Rxd7 17. Rxd7 Kxd7 18. Nbd2 h6 19. Bxe7 Bxe7 20. Ne4 f5 21.
exf6 Bd6 22. Rd1 Rf8 23. Nxd6 cxd6 24. Ne5+ Kc7 25. Nxg6 Rxf6 26. Nh4 Rf4 27.
Rd4 Rf8 28. Nf3 Kc6 29. Rh4 Rf6 30. Nd4+ Kb7 31. Nxb5 Rf5 32. Nxd6+ Kc6 33.
Nxf5 {......} 1-0

[Event "Kadetska liga - fantje"]
[Site "Nova Gorica"]
[Date "2019.05.26"]
[Round "4"]
[White "Morencic, Mathias"]
[Black "Despotovic, Pavle"]
[Result "0-1"]
[WhiteElo "1531"]
[BlackElo "1073"]
[PlyCount "58"]
[EventDate "2019.05.26"]

1. e4 c5 2. d4 cxd4 3. Qxd4 Nc6 4. Qd5 Nf6 5. Qb3 Nxe4 6. Bc4 e6 7. Nc3 Nd4 8.
Qa4 Nxc3 9. bxc3 Nc6 10. Nf3 Be7 11. h4 d5 12. Bb5 Bd7 13. Ng5 h6 14. Nf3 a6
15. Bxc6 Bxc6 16. Qb3 O-O 17. Be3 Bf6 18. O-O-O Qd7 19. c4 Ba4 20. Qb6 Qe7 21.
Bd4 Bxd4 22. Qxd4 Qa3+ 23. Kb1 dxc4 24. Qxc4 Rac8 25. Qd4 Bxc2+ 26. Ka1 Rfd8
27. Qxd8+ Rxd8 28. Rxd8+ Kh7 29. Rd2 Qc3# 0-1

[Event "Kadetska liga - fantje"]
[Site "Nova Gorica"]
[Date "2019.05.26"]
[Round "4"]
[White "Bizjak, Anej"]
[Black "Macek, Inti"]
[Result "1-0"]
[WhiteElo "1617"]
[BlackElo "1083"]
[PlyCount "59"]
[EventDate "2019.05.26"]

1. Nf3 Nc6 2. e3 e5 3. d4 e4 4. Nfd2 d5 5. c4 Bb4 6. a3 Bxd2+ 7. Nxd2 Nge7 8.
cxd5 Qxd5 9. b4 a6 10. Bb2 O-O 11. Qc2 Bf5 12. Bc4 Qd6 13. O-O Qg6 14. Rac1 Kh8
15. Rfe1 h5 16. Kh1 Kh7 17. Rg1 Rh8 18. Be2 Kg8 19. Nc4 h4 20. Rcd1 Bg4 21.
Bxg4 Qxg4 22. d5 Na7 23. Ne5 Qg5 24. Qxe4 f6 25. Nf3 Qf5 26. Qxe7 Kh7 27. Nxh4
Qxf2 28. Qe4+ Kg8 29. Qe6+ Kf8 30. Ng6# 1-0

[Event "Kadetska liga - fantje"]
[Site "Nova Gorica"]
[Date "2019.05.26"]
[Round "4"]
[White "Perme, Stanko"]
[Black "Kobe, Jure"]
[Result "0-1"]
[WhiteElo "1582"]
[BlackElo "1426"]
[PlyCount "117"]
[EventDate "2019.05.26"]

1. e4 e5 2. Nf3 Nc6 3. Bc4 Bc5 4. Nc3 d6 5. h3 Nf6 6. d3 h6 7. Be3 Bb6 8. Qd2
O-O 9. Bxh6 gxh6 10. Qxh6 Nh7 11. O-O Qf6 12. Qxf6 Nxf6 13. Ne2 Nh5 14. Kh1 Na5
15. Bb3 Nxb3 16. axb3 Kg7 17. Ng3 Nxg3+ 18. fxg3 Rh8 19. Ng5 f6 20. Nf3 Bd7 21.
Kh2 Rag8 22. c3 Bc6 23. Nh4 Kf7 24. c4 Rh6 25. Nf5 Rhg6 26. b4 Bd7 27. Nh4 Rxg3
28. Rac1 Be3 29. Rc3 Bf4 30. Kh1 Bxh3 31. Rf2 Bxg2+ 32. Rxg2 Rh3+ 33. Kg1 Rxh4
34. Rxg8 Kxg8 35. c5 dxc5 36. bxc5 Be3+ 37. Kg2 Rf4 38. Rb3 b6 39. cxb6 cxb6
40. Rc3 Rf2+ 41. Kg3 Rxb2 42. Rc7 a5 43. Rc8+ Kf7 44. Rc7+ Kg6 45. Rc8 a4 46.
Rg8+ Kf7 47. Ra8 b5 48. Ra6 Rb3 49. Kg4 Rxd3 50. Kf5 Bd4 51. Rxf6+ Ke7 52. Re6+
Kd7 53. Ra6 a3 54. Ra5 b4 55. Ra4 Rd2 56. Rxb4 a2 57. Ra4 a1=Q 58. Rxa1 Bxa1
59. Kg4 {......} 0-1

[Event "Kadetska liga - fantje"]
[Site "Nova Gorica"]
[Date "2019.05.26"]
[Round "4"]
[White "Kastrevec, Andrej"]
[Black "Babarovic, Fran"]
[Result "1-0"]
[WhiteElo "1288"]
[BlackElo "1572"]
[PlyCount "43"]
[EventDate "2019.05.26"]

1. e4 e5 2. Nf3 Nc6 3. Bc4 Nf6 4. d3 d5 5. exd5 Nxd5 6. Bg5 Be7 7. Bxe7 Ncxe7
8. Nxe5 Qd6 9. Qe2 f6 10. Qh5+ g6 11. Nxg6 Nxg6 12. Qxd5 Qe7+ 13. Qe4 Ne5 14.
Bb3 f5 15. Qe2 f4 16. f3 a5 17. Nc3 c6 18. O-O-O b5 19. Rde1 a4 20. Qxe5 Qxe5
21. Rxe5+ Kf8 22. Be6 1-0

[Event "Kadetska liga - fantje"]
[Site "Nova Gorica"]
[Date "2019.05.26"]
[Round "4"]
[White "Robic, Ziga"]
[Black "Skrt, Matija"]
[Result "0-1"]
[WhiteElo "1762"]
[BlackElo "1244"]
[PlyCount "52"]
[EventDate "2019.05.26"]

1. e4 e5 2. Nf3 Nf6 3. Bc4 Nxe4 4. Qe2 d5 5. Bd3 Bf5 6. Bxe4 Bxe4 7. Nxe5 Qg5
8. Nf3 Qxg2 9. Rg1 Qxf3 10. Qxf3 Bxf3 11. Rg3 Be4 12. Re3 Be7 13. d3 Bg6 14.
Re2 Nc6 15. b3 O-O-O 16. c4 Bf6 17. cxd5 Rxd5 18. Bd2 Bxa1 19. Bc3 Bxc3+ 20.
Nxc3 Rdd8 21. Kd2 Rxd3+ 22. Kc2 Nd4+ 23. Kb2 Nxe2 24. Nxe2 Rd2+ 25. Kc3 Rxe2
26. Kd4 Rd8+ 0-1

[Event "Kadetska liga - fantje"]
[Site "Nova Gorica"]
[Date "2019.05.26"]
[Round "4"]
[White "Luznik Robba, Jaka"]
[Black "Skantar, Nejc"]
[Result "1-0"]
[WhiteElo "1159"]
[BlackElo "1480"]
[PlyCount "79"]
[EventDate "2019.05.26"]

1. d4 d5 2. c4 e6 3. e3 Nf6 4. Nc3 Nc6 5. Nf3 Bd6 6. c5 Be7 7. Bb5 Bd7 8. Bxc6
Bxc6 9. Ne5 O-O 10. Nxc6 bxc6 11. O-O Qd7 12. Re1 Ne4 13. Nxe4 dxe4 14. Qg4 f5
15. Qf4 h6 16. f3 g5 17. Qg3 Rac8 18. f4 Qd8 19. fxg5 Bxg5 20. h4 Rf7 21. hxg5
hxg5 22. Bd2 Rg7 23. Qe5 Qe7 24. Rf1 Rf8 25. Ba5 Rc8 26. g4 Qd7 27. gxf5 Re7
28. fxe6 Rxe6 29. Qxg5+ Qg7 30. Qxg7+ Kxg7 31. Kf2 Rf8+ 32. Ke2 Kh7 33. Rxf8
Kg7 34. Rf2 a6 35. Bxc7 a5 36. Rg1+ Rg6 37. Be5+ Kh7 38. Rh2+ Rh6 39. Rg7+ Kh8
40. Rxh6# 1-0

[Event "Kadetska liga - fantje"]
[Site "Nova Gorica"]
[Date "2019.05.26"]
[Round "4"]
[White "Spiler, Sergej"]
[Black "Gregoric, Ema"]
[Result "0-1"]
[WhiteElo "1507"]
[BlackElo "1545"]
[PlyCount "82"]
[EventDate "2019.05.26"]

1. e4 e5 2. Nf3 Nf6 3. Nc3 Nc6 4. Bc4 Nxe4 5. Nxe4 d5 6. Bd3 dxe4 7. Bxe4 Bc5
8. d3 O-O 9. Bg5 Qd6 10. Nd2 Qd4 11. Rf1 Re8 12. Qh5 g6 13. Qh6 Bf8 14. Qh4 Nb4
15. Rc1 Qxb2 16. Rb1 Nxc2+ 17. Kd1 Qxa2 18. Bd5 Qxd5 19. Qe4 Qxe4 20. dxe4 Nd4
21. Be3 Nc6 22. Nb3 Be6 23. Bc5 Red8+ 24. Bd4 exd4 25. Nc5 Bxc5 26. Rc1 Bb3+
27. Ke1 Bb4+ 28. Ke2 d3+ 29. Kf3 d2 30. Rb1 Bc4 31. Rg1 Ne5+ 32. Kg3 Bc3 33. f4
Rd3+ 34. Kh4 Nc6 35. Rxb7 Bd4 36. Rh1 Rc3 37. Rxc7 Rc1 38. Rxc1 dxc1=Q 39. f5
Qf4+ 40. Kh3 Qxc7 41. e5 Qxe5 0-1

[Event "Kadetska liga - fantje"]
[Site "Nova Gorica"]
[Date "2019.05.26"]
[Round "4"]
[White "Tesic, Boris"]
[Black "Hazdovac, Jaka"]
[Result "0-1"]
[WhiteElo "1394"]
[BlackElo "1633"]
[PlyCount "58"]
[EventDate "2019.05.26"]

1. e4 c5 2. Nf3 e6 3. Nc3 b6 4. Bc4 Bb7 5. e5 g6 6. O-O Bg7 7. d4 cxd4 8. Qxd4
Ne7 9. Qf4 O-O 10. Qh4 Nf5 11. Qh3 d6 12. Ng5 h6 13. Nge4 d5 14. Nd6 Nxd6 15.
exd6 dxc4 16. Rd1 Qf6 17. Bxh6 Bxh6 18. Qxh6 Qg7 19. Qf4 Nd7 20. Nb5 Rfd8 21.
Nc7 Rac8 22. Rd4 e5 23. Ne6 fxe6 24. Qh4 exd4 25. Re1 Nc5 26. b4 Nd7 27. Rxe6
Re8 28. Qg4 Bd5 29. Rxg6 Re1# 0-1

[Event "Kadetska liga - fantje"]
[Site "Nova Gorica"]
[Date "2019.05.26"]
[Round "4"]
[White "Ferfole, Ziga"]
[Black "Pertovt, Crt"]
[Result "1-0"]
[WhiteElo "1717"]
[BlackElo "1060"]
[PlyCount "59"]
[EventDate "2019.05.26"]

1. e4 e5 2. Nf3 Nf6 3. Nxe5 Nxe4 4. Qe2 d5 5. d3 f6 6. dxe4 fxe5 7. Qh5+ g6 8.
Qxe5+ Qe7 9. Qxh8 dxe4 10. Bh6 Bf5 11. Qxf8+ Qxf8 12. Bxf8 Kxf8 13. Bc4 a6 14.
O-O b5 15. Bd5 Ra7 16. Nc3 b4 17. Nxe4 Ke7 18. Ng3 Be6 19. Rfe1 Kd6 20. Bxe6 h5
21. Bf7 g5 22. Rad1+ Kc6 23. Ne4 Nd7 24. Be8 Ra8 25. Bxd7+ Kb7 26. Be6 Re8 27.
Bd5+ Kb8 28. Bb7 Kxb7 29. Nc5+ Kc8 30. Rxe8# 1-0